Guess the random Taylor Swift Song Lyrics 84 - Statistics

General Stats
  • This quiz has been taken 16 times
  • The average score is 279 of 411
Answer Stats
Answer % Correct
I
100%
a
93%
A
93%
me
93%
my
93%
you
93%
And
87%
and
87%
it
87%
It
87%
the
87%
then
87%
to
87%
Your
87%
your
87%
be
80%
But
80%
can't
80%
don't
80%
for
80%
if
80%
in
80%
of
80%
say
80%
so
80%
So
80%
there
80%
was
80%
were
80%
When
80%
when
80%
All
73%
all
73%
As
73%
at
73%
from
73%
is
73%
she
73%
something
73%
That
73%
that
73%
think
73%
time
73%
Aimee"
67%
Aimee
67%
are
67%
been
67%
could
67%
here
67%
home
67%
just
67%
know
67%
made
67%
never
67%
same
67%
statue
67%
this
67%
throwing
67%
us
67%
always
60%
bronze
60%
building
60%
'cause
60%
'Cause
60%
day
60%
feel
60%
forget
60%
"Fuck
60%
gonna
60%
head
60%
hometown
60%
I'd
60%
one
60%
our
60%
punches
60%
sky
60%
"Thank
60%
Thank
60%
There's
60%
there's
60%
up
60%
way
60%
wouldn't
60%
about
53%
any
53%
comes
53%
couldn't
53%
hadn't
53%
heal
53%
kid
53%
night
53%
nothing
53%
pain
53%
push
53%
real
53%
Screamed
53%
singing
53%
song
53%
spray
53%
still
53%
take
53%
town
53%
wished
53%
you've
53%
blood
47%
changed
47%
clues
47%
dead
47%
down
47%
Each
47%
each
47%
Everyone
47%
hill
47%
knows
47%
mind
47%
much
47%
name
47%
only
47%
or
47%
picture
47%
pushed
47%
school
47%
searing
47%
small
47%
tanned
47%
truth
47%
two
47%
undo
47%
used
47%
wasn't
47%
woman
47%
words
47%
baby
40%
beat
40%
black
40%
blue
40%
boulder
40%
defining
40%
forgive
40%
gushing
40%
looks
40%
maybe
40%
moment
40%
mother
40%
plaque
40%
ringing
40%
saintly
40%
stairs
40%
underneath
40%
built
33%
count
33%
dreamed
33%
grave
33%
kill
33%
Laughing
33%
legacy
33%
paper
33%
reframed
33%
scars
33%
show
33%
songs
33%
spirit
33%
stars
33%
step
33%
stomped
33%
thousand
33%
threatens
33%
wait
33%
wrote
33%
across
27%
fair
27%
fight
27%
find
27%
headlines
27%
local
27%
prayed
27%
stunning
27%
clean
20%
uncool
20%
No matching quizzes found
Score Distribution
Percent of People with Each Score
Percentile by Number Answered
Your Score History
You have not taken this quiz